Travelling in Grandma's Day / (Record no. 5380)

MARC details
000 -LEADER
fixed length control field 01175nam a22003017a 4500
001 - CONTROL NUMBER
control field 5380
003 - CONTROL NUMBER IDENTIFIER
control field FISKH
005 - DATE AND TIME OF LATEST TRANSACTION
control field 20241129124515.0
008 - FIXED-LENGTH DATA ELEMENTS--GENERAL INFORMATION
fixed length control field 241129b cb ||||| |||| 00| 0 eng d
020 ## - INTERNATIONAL STANDARD BOOK NUMBER
International Standard Book Number 9780237518813
040 ## - CATALOGING SOURCE
Original cataloging agency FISKH
Language of cataloging eng
Transcribing agency FISKH
Modifying agency FISKH
082 ## - DEWEY DECIMAL CLASSIFICATION NUMBER
Classification number 388.0941
100 ## - MAIN ENTRY--PERSONAL NAME
Personal name Gardner, Faye
245 ## - TITLE STATEMENT
Title Travelling in Grandma's Day /
Statement of responsibility, etc. by Faye Gardner
250 ## - EDITION STATEMENT
Edition statement First published in 1997
260 ## - PUBLICATION, DISTRIBUTION, ETC.
Place of publication, distribution, etc. London :
Name of publisher, distributor, etc. Evan Brother Ltd ;
Date of publication, distribution, etc. 1997 .
300 ## - PHYSICAL DESCRIPTION
Extent 30 pages :
Other physical details color ilustrations ;
Dimensions 25 cm .
490 ## - SERIES STATEMENT
Series statement In Grandma's Day
505 ## - FORMATTED CONTENTS NOTE
Formatted contents note Z <br/>
520 ## - SUMMARY, ETC.
Summary, etc. Each of the books in this series present 20th-century history for the very young through a personal account of a real life Grandma's experiences in the 1930s, 1940s and 1950s. Each story is a first-person narrative and this text covers travelling in grandma's day.
521 8# - TARGET AUDIENCE NOTE
Target audience note 930 <br/>
Source Lexile <br/>
521 8# - TARGET AUDIENCE NOTE
Target audience note Z <br/>
Source Raz-Plus <br/>
650 ## - SUBJECT ADDED ENTRY--TOPICAL TERM
Topical term or geographic name entry element Transportation- Great Britain- History
Form subdivision Juvenile literature
650 ## - SUBJECT ADDED ENTRY--TOPICAL TERM
Topical term or geographic name entry element Great Britain- School conditions- 20th ceturey
Form subdivision Juvenile literature
700 ## - ADDED ENTRY--PERSONAL NAME
Personal name Lafford, Stuart
Relator term illustrator
942 ## - ADDED ENTRY ELEMENTS (KOHA)
Source of classification or shelving scheme Dewey Decimal Classification
Koha item type Books
Suppress in OPAC No
Holdings
Withdrawn status Lost status Source of classification or shelving scheme Damaged status Not for loan Collection Home library Current library Shelving location Date acquired Total Checkouts Full call number Barcode Date last seen Price effective from Koha item type
    Dewey Decimal Classification     Non-Fiction Footprints International School Library Network Toul Kork Campus Footprints International School Library Network Toul Kork Campus TTP Secondary Non-Fiction Bookshelves 11/29/2024   GAR 388.0941 FIS01597 11/29/2024 11/29/2024 Books